Online
Catalog

Océano Omega : (Record no. 19726)

MARC details
000 -CABECERA
campo de control de longitud fija 00733nam a2200217 a 4500
001 - NÚMERO DE CONTROL
campo de control 000020221
005 - FECHA Y HORA DE LA ÚLTIMA TRANSACCIÓN
campo de control 20240731082000.0
008 - DATOS DE LONGITUD FIJA--INFORMACIÓN GENERAL
campo de control de longitud fija 100728s2008 sp abc 000 0 spa d
020 ## - NÚMERO INTERNACIONAL ESTÁNDAR DEL LIBRO
Número Internacional Estándar del Libro 9788449436789
040 ## - FUENTE DE LA CATALOGACIÓN
Centro catalogador/agencia de origen DO-SdBNP
Lengua de catalogación spa
Centro/agencia transcriptor BNPHU
082 ## - NÚMERO DE LA CLASIFICACIÓN DECIMAL DEWEY
Número de clasificación R 030
Número de documento/Ítem O819o
049 ## - FONDOS LOCALES (OCLC)
Fondos de biblioteca BNPD
245 00 - MENCIÓN DE TÍTULO
Título Océano Omega :
Resto del título diccionario enciclopédico universal /
Mención de responsabilidad, etc. edición Ángeles Arregui, Ignacio González.
260 ## - PUBLICACIÓN, DISTRIBUCIÓN, ETC.
Lugar de publicación, distribución, etc. Barcelona :
Nombre del editor, distribuidor, etc. Océano Omega,
Fecha de publicación, distribución, etc. 2008.
300 ## - DESCRIPCIÓN FÍSICA
Extensión 6 v. :
Otras características físicas il. ; mapa. ; retrs. ;
Dimensiones 29 cm.
500 ## - NOTA GENERAL
Nota general Incluye láminas.
650 #0 - PUNTO DE ACCESO ADICIONAL DE MATERIA--TÉRMINO DE MATERIA
Término de materia o nombre geográfico como elemento de entrada Enciclopedias y diccionarios
9 (RLIN) 2045
700 1# - PUNTO DE ACCESO ADICIONAL--NOMBRE DE PERSONA
Nombre de persona Arregui, Ángeles,
Término indicativo de función/relación ed.
9 (RLIN) 42822
700 1# - PUNTO DE ACCESO ADICIONAL--NOMBRE DE PERSONA
Nombre de persona González, Ignacio,
Término indicativo de función/relación ed.
9 (RLIN) 42823
910 ## - DATOS DE OPCIÓN DEL USUARIO (OCLC)
Datos de opción del usuario Validado. Control de calidad BNPHU
Holdings
Estado de retiro Estado de pérdida No para préstamo Código de colección Localización permanente Ubicación/localización actual Ubicación en estantería Fecha de adquisición Número de inventario Total de préstamos Signatura topográfica completa Código de barras Fecha visto por última vez Precio válido a partir de Tipo de ítem Koha Restricciones de uso
    Excluido de préstamo Referencia General General Biblioteca Nacional Pedro Henríquez Ureña Depósito 28.07.2010 LF1   v. 1 20221-10 25.06.2020 25.06.2020 Préstamo en sala  
    Excluido de préstamo Referencia General General Biblioteca Nacional Pedro Henríquez Ureña Depósito 22.10.2012 LF1   v. 5, e. 2 20221-100 25.06.2020 25.06.2020 Préstamo en sala  
    Excluido de préstamo Referencia General General Biblioteca Nacional Pedro Henríquez Ureña Depósito 22.10.2012 LF1   v. 6 20221-110 25.06.2020 25.06.2020 Préstamo en sala  
    Excluido de préstamo Referencia General General Biblioteca Nacional Pedro Henríquez Ureña Depósito 22.10.2012 LF1   v. 6, e. 2 20221-120 25.06.2020 25.06.2020 Préstamo en sala  
      Referencia General General Biblioteca Nacional Pedro Henríquez Ureña Depósito 28.07.2010 LF1   v. 1, e. 2 20221-20 25.06.2020 25.06.2020 Préstamo en sala  
      Referencia General General Biblioteca Nacional Pedro Henríquez Ureña Depósito 28.07.2010 LF1   v. 2 20221-30 25.06.2020 25.06.2020 Préstamo en sala  
      Referencia General General Biblioteca Nacional Pedro Henríquez Ureña Depósito 28.07.2010 LF1   v. 2, e. 2 20221-40 25.06.2020 25.06.2020 Préstamo en sala  
    Excluido de préstamo Referencia General General Biblioteca Nacional Pedro Henríquez Ureña Depósito 28.07.2010 LF1   v. 3 20221-50 25.06.2020 25.06.2020 Préstamo en sala  
      Referencia General General Biblioteca Nacional Pedro Henríquez Ureña Depósito 28.07.2010 LF1   v. 3, e. 2 20221-60 25.06.2020 25.06.2020 Préstamo en sala  
      Referencia General General Biblioteca Nacional Pedro Henríquez Ureña Depósito 22.10.2012 LF1   v. 4 20221-70 25.06.2020 25.06.2020 Préstamo en sala  
    Excluido de préstamo Referencia General General Biblioteca Nacional Pedro Henríquez Ureña Depósito 22.10.2012 LF1   v. 4, e. 2 20221-80 25.06.2020 25.06.2020 Préstamo en sala  
    Excluido de préstamo Referencia General General Biblioteca Nacional Pedro Henríquez Ureña Depósito 22.10.2012 LF1   v. 5 20221-90 25.06.2020 25.06.2020 Préstamo en sala  

Powered by Koha